LEADER 01266nam a2200265 u 4500 001 000000003279 003 CaOOAMICUS 005 20070226104525.0 008 940514s1918 it u000 u lat u 035 $a10085043 040 $aPUL(R)$bita 100 1 $aLully, Georg.$0(OLS)http://pul/name/3480 245 10$aDe senatorum romanorum patria, sive De romani cultus in provinciis incremento /$cscripsit Georgius Lully. 246 31$aDe romani cultus in provinciis incremento 260 $aRomae :$bMaglione & Strini,$c1918. 300 $axii, 217 p ;$c27 cm 610 10$aRome.$bSenate.$2//eng$0(OLS)http://pul/subject/2846 651 0$aRome$xProvinces$xAdministration.$2//eng$0(OLS)http://pul/subject/2847 651 0$aRome$xHistory$xChronology.$2//eng$0(OLS)http://pul/subject/2848 850 $aPUL 852 $aPUL$W1$xDP2 Diritto e Scienze Sociali 1$y65$m184 D 37$j4346$nBK-PRI$qStampati$B4346$CPULBib$Z2$F4346 $H26913 $82 941 1 $a8 996 $6245$aDe senatorum romanorum patria, sive De romani cultus in provinciis incremento$9(OLS)http://pul/title/4798 996 $6246$aDe romani cultus in provinciis incremento$9(OLS)http://pul/title/4799 996 $6260$aRomae :$bMaglione & Strini$9(OLS)http://pul/publisher/49809 LEADER 00912naa a2200193 u 4500 001 000000096659 003 CaOOAMICUS 005 20070226130147.0 008 041102s1978 it u000 u ita u 035 $a11013525 040 $aIAR$bita 100 0 $aStanislao da Campagnola,$cO.F.M.,$d1929-$0(OLS)http://pul/name/13736 245 13$aLa società assisana nelle fonti francescane /$cStanislao da Campagnola. 260 $aAssisi :$bTipografia Porziuncola,$c1978. 300 $aS. 359-392 ;$c23 cm 773 0 $aAssisi al tempo di san Francesco : Atti del V convegno internazionale. 773 0 $aSocietà internazionale di studi francescani.$tAssisi al tempo di S. Francesco : atti del V Convegno Internazionale (Assisi, 13-16 ottobre 1977)$w()6743 996 $6245$aLa società assisana nelle fonti francescane$9(OLS)http://pul/title/123541 996 $6260$aAssisi :$bTipografia Porziuncola$9(OLS)http://pul/publisher/48396